00795nam a2200217 a 4500001001000000005001700010008004100027020001500068050002600083100003200109245007100141260006700212300002400279440004500303504003300348610003400381650003000415942001100445999001500456952010600471BRCA_139020190320203415.0830928s1982 mx-a---##b---f000-0#spa-# a9685803242 4aNA5257.P8b.S24c19821 aSalas Cuesta, Marcela9454610aLa iglesia y el convento de Huejotzingocpor Marcela Salas Cuesta. aMéxicobUNAM. Instituto de Investigaciones Estéticasc1982 a144 p.bil.c23 cm. 0aCuadernos de historia del arten1894547 aBibliografía: p. [141]-14424aConvento de Huejotzingo9454814aConventoszMéxico94549 2lcccB c1252d1252 00104070aBRCAbBRCAd2008-06-26l0oNA5257.P8 .S24 1982p01911r2019-03-22 00:00:00w2019-03-22yB